Macromedia Dreamweaver 8 : Phần cơ bản. t.II /
Đã lưu trong:
| Príomhúdar: | |
|---|---|
| Údair Eile: | , |
| Formáid: | Sách giấy |
| Teanga: | Vietnamese |
| Foilsithe: |
H. :
Lao động - Xã hội,
2006.
|
| Ábhair: | |
| Clibeanna: |
Cuir Clib Leis
Gan Chlibeanna, Bí ar an gcéad duine leis an taifead seo a chlibeáil!
|
| Thư viện lưu trữ: | Thư viện Trường Đại học Đà Lạt |
|---|
| LEADER | 00887nam a2200337 4500 | ||
|---|---|---|---|
| 001 | DLU110118093 | ||
| 005 | ##20110301 | ||
| 040 | # | # | |a DLU |b vie |
| 041 | # | # | |a vie |
| 044 | # | # | |a vn |
| 082 | # | # | |a 005.72 |b NG-S |
| 100 | # | # | |a Nguyễn Trường Sinh. |
| 245 | # | # | |a Macromedia Dreamweaver 8 : |b Phần cơ bản. |n t.II / |c Nguyễn Trường Sinh, Lê Minh Hoàng, Hoàng Đức Hải. |
| 260 | # | # | |a H. : |b Lao động - Xã hội, |c 2006. |
| 300 | # | # | |a 268 tr. : |b minh hoạ ; |c 24 cm. |
| 653 | # | # | |a Dreamweaver (Tệp máy tính) |
| 653 | # | # | |a Web site |
| 700 | # | # | |a Hoàng Đức Hải. |
| 700 | # | # | |a Lê Minh Hoàng. |
| 923 | # | # | |a 01/2011VL |
| 990 | # | # | |a t.II |
| 991 | # | # | |a GT |
| 992 | # | # | |a 49000 |
| 994 | # | # | |a KVL |
| 900 | # | # | |a True |
| 911 | # | # | |a Đào Thị Thu Huyền |
| 925 | # | # | |a G |
| 926 | # | # | |a A |
| 927 | # | # | |a SH |
| 980 | # | # | |a Thư viện Trường Đại học Đà Lạt |